Olivenbaume
Αποθηκεύτηκε σε:
| Κύριος συγγραφέας: | |
|---|---|
| Μορφή: | Βιβλίο |
| Γλώσσα: | German |
| Δημοσίευση: |
Hamburg :
Wittig,
1968
|
| Έκδοση: | 2. aufl. |
| Θέματα: | |
| Ετικέτες: |
Προσθήκη ετικέτας
Δεν υπάρχουν, Καταχωρήστε ετικέτα πρώτοι!
|
MARC
| LEADER | 00000cam a2200000 i 4500 | ||
|---|---|---|---|
| 001 | 1/10208 | ||
| 008 | 000830s1968 ger d | ||
| 035 | |l 10063349 | ||
| 040 | |a GR-MY-UA |b gre |e aacr | ||
| 041 | 0 | |a ger | |
| 082 | 0 | |a 779.34 | |
| 100 | 1 | |a Bunz, Agathe. | |
| 245 | 1 | 0 | |a Olivenbaume / |c Agathe Bunz |
| 250 | |a 2. aufl. | ||
| 260 | |a Hamburg : |b Wittig, |c 1968 | ||
| 300 | |a 54 σ. |b εικ. | ||
| 650 | 0 | 0 | |a Olive |x Photographs. |
| 650 | 0 | 0 | |a Olive in literature. |
| 852 | |a INST |b LESVOS |e 20000830 |h 779.34 BUN |p 005100020096 |q 005100020096 |t BK |y 0 | ||
| 901 | |a BIBL1-2000-2 | ||
| 909 | |a Λ |b 077667 | ||
| 970 | |z 2000/08/ΧΡΥΣΑΝΘΗ | ||